000 00570nam a22002057a 4500
003 OSt
005 20240202123332.0
008 240202b |||||||| |||| 00| 0 eng d
020 _a9780132354790
040 _cDDC
082 _2005.1 HOR 2008
100 _a Horstmann, Cay S; Cornell,Gary
_916902
245 _aCore Java : Volume 11: advanced features
250 _a8th ed.
260 _aUpper saddle;
_bsun microsystems pess,
_c2008
300 _axix,1032p;
_bill:
_c25cm
500 _aIndex included
650 _aJava programming
_94189
942 _2ddc
_cO_SHELF
999 _c8265
_d8265